000355556 001__ 355556
000355556 005__ 20250112184240.0
000355556 022__ $$2(DE-600)2414404-6$$a1974-8558
000355556 022__ $$a1828-5889
000355556 022__ $$a2531-8624$$l2531-8624
000355556 0247_ $$2ZDBID$$aPERI:(DE-600)2409427-4
000355556 0247_ $$2ZDBPPN$$aZDPPN:98749774X
000355556 0247_ $$2EZBID$$aPERI:(DE-606)101461
000355556 0247_ $$2EZBID$$aPERI:(DE-606)101461
000355556 0247_ $$2OCLC$$aOCLC:1368502461
000355556 035__ $$aPERI:(DE-600)2409427-4
000355556 040__ $$a0029$$bger$$cDE-101$$dJOIN²$$eJOIN² journal identification
000355556 041__ $$aita
000355556 044__ $$cXA-IT
000355556 082__ $$222sdnb$$a100$$qDE-600
000355556 08274 $$222sdnb$$a100$$qDE-600
000355556 084__ $$2fid$$aPHILOS$$qDE-12
000355556 24220 $$2DE-600$$aB_372belonline$$brivista di filosofia online$$yen
000355556 24220 $$2DE-600$$aB_372belonline$$brivista di filosofia online
000355556 245__ $$2DE-600$$aB_372belonline$$brivista di filosofia online$$honline, print
000355556 2463_ $$2DE-600$$aB_372belonline
000355556 2463_ $$aBabelonline
000355556 2463_ $$aBelonline
000355556 2463_ $$aB_372belonline
000355556 2463_ $$aB@belonline
000355556 260__ $$aRoma$$bUniversita Roma Tre, Dipartimento di Filosofia$$c2000-
000355556 2607_ $$2DOAJ$$aItaly$$bMimesis Edizioni$$d2024-10-10T08:27:07Z$$fB@belonline
000355556 26431 $$aRoma$$bUniversita Roma Tre, Dipartimento di Filosofia$$c2000-
000355556 3620_ $$2DE-600$$a1.2000 - 6.2004; 2006 -
000355556 36300 $$2DE-600$$81.1\x$$a1$$i2000
000355556 36301 $$2DE-600$$82.1\x$$i2006
000355556 36310 $$2DE-600$$81.2\x$$a6$$i2004
000355556 380__ $$2marcgt$$ajournal
000355556 500__ $$aAutomatically generated record. (Updated: 2024-12-17)
000355556 65310 $$2EZB-Subject$$aPhilosophie
000355556 65310 $$2EZB-Keyword$$aAllgemeine Philosophie
000355556 65310 $$2DOAJ$$aphilosophy$$d2024-10-10T08:27:07Z
000355556 65310 $$2DOAJ$$aethics$$d2024-10-10T08:27:07Z
000355556 65310 $$2DOAJ$$ainterdisciplinarity$$d2024-10-10T08:27:07Z
000355556 65310 $$2DOAJ$$acommunication$$d2024-10-10T08:27:07Z
000355556 65310 $$2DOAJ$$aopen epistemology$$d2024-10-10T08:27:07Z
000355556 65310 $$2DOAJ$$adifference thinking$$d2024-10-10T08:27:07Z
000355556 65310 $$2DOAJ$$aPhilosophy. Psychology. Religion: Philosophy (General)$$d2024-10-10T08:27:07Z
000355556 77608 $$2DE-600$$dRoma : TrE-Press, 2006-$$iErscheint auch als$$nDruck-Ausgabe$$tB_372belonline$$w(DE-600)2414404-6$$x1974-8558
000355556 8564_ $$d0$$uhttp://romatrepress.uniroma3.it/ojs/index.php/babelonline$$yVerlag = kostenfrei
000355556 8564_ $$d0$$uhttps://ezb.ur.de/?2409427-4$$yEZB
000355556 8564_ $$d0$$uhttps://mimesisjournals.com/ojs/index.php/babelonline/about$$yAPC information
000355556 8564_ $$d0$$uhttps://mimesisjournals.com/ojs/index.php/babelonline/about/editorialTeam$$yEditorial board
000355556 8564_ $$d0$$uhttps://mimesisjournals.com/ojs/index.php/babelonline/information/authors$$yInstructions for Authors
000355556 8801_ $$2DE-600$$aB_372belonline$$brivista di filosofia online
000355556 909CO $$ooai:juser.fz-juelich.de:1035901$$pauthority:PERI$$pauthority
000355556 909CO $$ooai:juser.fz-juelich.de:1035901
000355556 915__ $$0StatID:(DE-HGF)0501$$2StatID$$aDBCoverage$$bDOAJ Seal$$d2024-10-10T08:27:07Z
000355556 915__ $$0StatID:(DE-HGF)0500$$2StatID$$aDBCoverage$$bDOAJ$$d2024-10-10T08:27:07Z
000355556 915__ $$0StatID:(DE-HGF)0030$$2StatID$$aPeer Review$$bDOAJ : Double anonymous peer review$$d2024-10-10T08:27:07Z
000355556 915__ $$0LIC:(DE-HGF)CCBYNV$$2V:(DE-HGF)$$aCreative Commons Attribution CC BY (No Version)$$bDOAJ$$d2024-10-10T08:27:07Z
000355556 936__ $$aFehlerhafte ISSN der Vorlage: 1828-5889
000355556 980__ $$aPERI
000355556 980__ $$aAUTHORITY